| Tag |
First Indicator |
Second Indicator |
Subfields |
| LEADER |
00000cam a2200000 a 4500 |
| 001 |
in00000073599 |
| 005 |
20151008053529.0 |
| 008 |
800408s1979 akua b s00010 engm |
| 010 |
|
|
|a 79625246
|
| 035 |
|
|
|a (OCoLC)06279882
|
| 035 |
|
|
|9 AAH7739AM
|
| 040 |
|
|
|a DLC
|c DLC
|d m.c.
|d TXA
|d UtOrBLW
|
| 043 |
|
|
|a n-us-ak
|
| 049 |
|
|
|a TXAM
|c [1421991]
|
| 050 |
0 |
0 |
|a QL737.U55
|b E36
|
| 082 |
0 |
|
|a 599.73/57
|
| 100 |
1 |
|
|a Eide, Sterling.
|
| 245 |
1 |
0 |
|a Effects of the Trans-Alaska pipeline on moose movements :
|b final report, Federal aid in wildlife restoration, project W-17-10, job 1.15R /
|c by Sterling Eide and Sterling Miller.
|
| 264 |
|
1 |
|a Juneau, Alaska :
|b Alaska Dept. of Fish and Game,
|c 1979.
|
| 300 |
|
|
|a i, 27 pages :
|b illustrations ;
|c 28 cm.
|
| 336 |
|
|
|a text
|b txt
|2 rdacontent
|
| 337 |
|
|
|a unmediated
|b n
|2 rdamedia
|
| 338 |
|
|
|a volume
|b nc
|2 rdacarrier
|
| 500 |
|
|
|a Cover title.
|
| 504 |
|
|
|a Bibliography: pages 26-27.
|
| 650 |
|
0 |
|a Moose
|z Alaska.
|
| 651 |
|
0 |
|a Trans-Alaska Pipeline (Alaska)
|x Environmental aspects.
|
| 650 |
|
0 |
|a Mammals
|z Alaska.
|
| 700 |
1 |
|
|a Miller, Sterling.
|
| 999 |
|
|
|a MARS
|
| 999 |
f |
f |
|s 6ec7cf3a-37ef-303e-84b0-5b2a7141c389
|i d31f8715-78f3-3ddc-bdd9-b4cf76109b8e
|t 0
|
| 952 |
f |
f |
|p ric
|a Texas A&M University
|b Rellis Campus
|c Joint Library Facility
|d Remote Storage
|t 0
|e QL737.U55 E36
|h Library of Congress classification
|i unmediated -- volume
|m A14806222259
|
| 998 |
f |
f |
|a QL737.U55 E36
|t 0
|l Remote Storage
|